[Event "Hastings Masters"]
[Site "England"]
[Date "2005.12.28"]
[Round "1"]
[White "Husted, Peter"]
[Black "Strand, Håkon"]
[Result "1-0"]
[WhiteElo "2127"]
[BlackElo "1986"]
[PlyCount "71"]
[EventDate "2005.??.??"]

1. e4 c5 2. Nf3 Nc6 3. Bb5 Na5 4. O-O a6 5. Be2 e6 6. d4 Nf6 7. e5 Nd5 8. c4
Ne7 9. dxc5 Nac6 10. Bd3 Qc7 11. Re1 Ng6 12. a3 Bxc5 13. b4 Be7 14. Bb2 O-O 15.
Nbd2 b6 16. Qc2 Bb7 17. Rad1 Rfd8 18. Ne4 d5 19. exd6 Bxd6 20. Nxd6 Rxd6 21.
Bxg6 hxg6 22. b5 Rxd1 23. Rxd1 Ne7 24. Be5 Qc8 25. Nd4 axb5 26. Nxb5 Qc6 27. f3
Nf5 28. Qf2 Qxc4 29. Qxb6 Qe2 30. Nc3 Qxe5 31. Qxb7 Rxa3 32. Ne4 Nd4 33. Qc8+
Kh7 34. Qd8 Nc6 35. Ng5+ Kh6 36. Nxf7+ 1-0

[Event "Hastings Masters"]
[Site "England"]
[Date "2005.12.29"]
[Round "2"]
[White "Humphreys, Jerry"]
[Black "Strand, Håkon"]
[Result "1-0"]
[WhiteElo "2084"]
[BlackElo "1986"]
[PlyCount "57"]
[EventDate "2005.??.??"]

1. Nf3 f5 2. c4 Nf6 3. Nc3 g6 4. d3 Bg7 5. e4 d6 6. Be2 O-O 7. O-O e5 8. Bd2
Nc6 9. Qc2 Qe7 10. Rab1 Nd4 11. Nxd4 exd4 12. Nd5 Nxd5 13. cxd5 c5 14. dxc6
bxc6 15. Bf3 Bb7 16. exf5 Rxf5 17. Bxc6 Bxc6 18. Qxc6 Raf8 19. Qc4+ d5 20. Qc6
Qe2 21. Bb4 Rxf2 22. Qxd5+ R8f7 23. Rfe1 Qxd3 24. Re8+ Bf8 25. Rxf8+ Kg7 26.
Rxf7+ Rxf7 27. Re1 a6 28. Qe5+ Kh6 29. Qe2 1-0

[Event "Hastings Masters"]
[Site "England"]
[Date "2005.12.30"]
[Round "3"]
[White "Vea, Odin Blikra"]
[Black "Tucker, Andrew"]
[Result "1-0"]
[WhiteElo "2090"]
[BlackElo "1940"]
[PlyCount "53"]
[EventDate "2005.??.??"]

1. e4 c5 2. Nc3 Nc6 3. f4 e6 4. Nf3 g6 5. Bc4 Bg7 6. f5 Nge7 7. fxe6 dxe6 8. d3
O-O 9. O-O Bd7 10. a3 Nd4 11. Nxd4 cxd4 12. Ne2 Nc6 13. Qe1 Rc8 14. Bd2 Ne5 15.
Bb3 Bc6 16. Qg3 a5 17. Nf4 Re8 18. Rf2 Qb6 19. a4 Nd7 20. Raf1 Rf8 21. Nh5 Be5
22. Bf4 Bxf4 23. Rxf4 Qc7 24. Qg5 Qe5 25. Nf6+ Kh8 26. Rh4 h5 27. Qh6# 1-0

[Event "Hastings Masters"]
[Site "England"]
[Date "2005.12.30"]
[Round "3"]
[White "Strand, Håkon"]
[Black "Chipanga, Takaedza"]
[Result "1/2-1/2"]
[WhiteElo "1986"]
[BlackElo "2223"]
[PlyCount "102"]
[EventDate "2005.??.??"]

1. e4 c5 2. Nc3 Nc6 3. f4 d6 4. Nf3 g6 5. Bc4 Bg7 6. O-O e6 7. d3 Nge7 8. Qe1
h6 9. a4 a6 10. Kh1 Nd4 11. Nxd4 cxd4 12. Ne2 d5 13. Bb3 dxe4 14. dxe4 O-O 15.
Ng1 b6 16. Nf3 Bb7 17. Bd2 a5 18. Bc4 Rc8 19. Bd3 Re8 20. Qh4 f5 21. exf5 exf5
22. Rae1 Nd5 23. Qxd8 Rcxd8 24. b3 Ne3 25. Rf2 Rc8 26. Rfe2 Be4 27. Bxe3 Bxd3
28. cxd3 Rxe3 29. Rxe3 dxe3 30. Rxe3 Rc1+ 31. Re1 Rc3 32. d4 Rxb3 33. h3 Rb4
34. Re6 Kf7 35. d5 Rxa4 36. Ne5+ Bxe5 37. fxe5 Rd4 38. Rd6 Ke7 39. Rxb6 Rxd5
40. Rxg6 Rxe5 41. Rxh6 Re2 42. Ra6 Ra2 43. Kg1 a4 44. g3 a3 45. h4 Kf7 46. Kh1
Ra1+ 47. Kh2 Kg7 48. Kg2 Kf7 49. Kh2 Ra2+ 50. Kh1 Ra1+ 51. Kh2 Kg7 1/2-1/2

[Event "Hastings Masters"]
[Site "England"]
[Date "2006.01.01"]
[Round "5"]
[White "Ziska, Andrias"]
[Black "Strand, Håkon"]
[Result "1-0"]
[WhiteElo "1819"]
[BlackElo "1986"]
[PlyCount "97"]
[EventDate "2005.??.??"]

1. e4 c5 2. Nf3 Nc6 3. d4 cxd4 4. Nxd4 Nf6 5. Nc3 e5 6. Ndb5 d6 7. Nd5 Nxd5 8.
exd5 Ne7 9. c4 Ng6 10. Be2 a6 11. Nc3 Be7 12. O-O O-O 13. b4 f5 14. Ba3 Nf4 15.
c5 dxc5 16. bxc5 Qa5 17. d6 Bxd6 18. Bc4+ Be6 19. Bxe6+ Kh8 20. Bb2 Bxc5 21.
Bb3 Bd4 22. Na4 b5 23. Bxd4 bxa4 24. Bxe5 Qxe5 25. Bxa4 Rfd8 26. Qf3 Ne2+ 27.
Kh1 Nd4 28. Qe3 Qf6 29. Rfe1 f4 30. Qe5 Qxe5 31. Rxe5 Ra7 32. Rae1 g6 33. R5e4
Nb5 34. Rxf4 Rd2 35. Bb3 Nc3 36. g4 Kg7 37. g5 h6 38. Re8 hxg5 39. Rg8+ Kh6 40.
Rf3 g4 41. Rxc3 Rxf2 42. Rc6 Re7 43. Rcxg6+ Kh5 44. Rg5+ Kh6 45. Rxg4 Re1+ 46.
Rg1 Re7 47. R8g3 Re5 48. Rg6+ Kh7 49. Bg8+ 1-0

[Event "Hastings Masters"]
[Site "England"]
[Date "2006.01.03"]
[Round "7"]
[White "Kolås, Tore"]
[Black "Norinkeviciute, Rasa"]
[Result "1-0"]
[WhiteElo "2160"]
[BlackElo "2082"]
[PlyCount "49"]
[EventDate "2005.??.??"]

1. e4 g6 2. d4 d6 3. Nc3 Bg7 4. Be3 a6 5. Qd2 h6 6. O-O-O e6 7. h4 b5 8. h5 g5
9. f4 f6 10. Bd3 gxf4 11. Bxf4 e5 12. Be3 Ne7 13. Nf3 Bg4 14. dxe5 fxe5 15.
Rdf1 Nd7 16. Be2 Nf6 17. Nh4 Bxh5 18. Rxf6 Bxe2 19. Re6 Bg4 20. Nf5 Bxf5 21.
exf5 Kd7 22. g4 h5 23. Bg5 Bf8 24. Nd5 Rh7 25. Nf6+ 1-0

[Event "Hastings Masters"]
[Site "England"]
[Date "2006.01.03"]
[Round "7"]
[White "Strand, Håkon"]
[Black "Scoriels, Michael"]
[Result "1/2-1/2"]
[WhiteElo "1986"]
[BlackElo "2156"]
[PlyCount "27"]
[EventDate "2005.??.??"]

1. e4 e5 2. Nf3 Nc6 3. Bc4 Nf6 4. d4 exd4 5. e5 Ne4 6. O-O d5 7. Bb5 Bg4 8.
Qxd4 Bc5 9. Qa4 Bd7 10. c4 a6 11. cxd5 Nb4 12. Bxd7+ Qxd7 13. Qxd7+ Kxd7 14.
Nc3 1/2-1/2

[Event "Hastings Masters"]
[Site "England"]
[Date "2006.01.05"]
[Round "9"]
[White "Vea, Odin Blikra"]
[Black "Scoriels, Michael"]
[Result "1-0"]
[WhiteElo "2090"]
[BlackElo "2156"]
[PlyCount "81"]
[EventDate "2005.??.??"]

1. e4 e5 2. Nf3 Nc6 3. d4 exd4 4. Bc4 Nf6 5. Ng5 d5 6. exd5 Na5 7. Qxd4 Nxc4 8.
Qxc4 Qxd5 9. Qe2+ Be7 10. O-O h6 11. Nc3 Qf5 12. Nf3 Qe6 13. Be3 c6 14. Nd4 Qg4
15. f3 Qh5 16. Bf2 Kf8 17. Rfe1 Bd6 18. Bg3 Bc5 19. Rad1 Be6 20. Kh1 Bxd4 21.
Rxd4 Re8 22. Be5 Nd7 23. Bg3 Nf6 24. Be5 Nd7 25. Bd6+ Kg8 26. Ne4 Bd5 27. Bg3
c5 28. Rd2 Bc6 29. Qd3 Qg6 30. Qc3 Qf5 31. Red1 Qh5 32. Rxd7 Bxd7 33. Rxd7 Qf5
34. Qd3 c4 35. Qd5 Qg6 36. Qxc4 h5 37. h4 Rxe4 38. Qxe4 f5 39. Qe5 Kh7 40. Kh2
Re8 41. Rxg7+ 1-0

[Event "Hastings Masters"]
[Site "England"]
[Date "2006.01.05"]
[Round "9"]
[White "Strand, Håkon"]
[Black "Snowden, James"]
[Result "1-0"]
[WhiteElo "1986"]
[BlackElo "2001"]
[PlyCount "33"]
[EventDate "2005.??.??"]

1. e4 d5 2. exd5 Qxd5 3. Nc3 Qa5 4. d4 Nf6 5. Bd2 Qb6 6. Nf3 Bg4 7. Be2 c6 8.
Ne5 Bxe2 9. Qxe2 Qxd4 10. O-O-O Qb6 11. Qc4 e6 12. Rhe1 Nd5 13. Nxd5 cxd5 14.
Qc8+ Ke7 15. Bg5+ f6 16. Rxd5 fxg5 17. Rd7+ 1-0

[Event "Hastings Masters"]
[Site "England"]
[Date "2006.01.06"]
[Round "10"]
[White "Almond, Richard"]
[Black "Vea, Odin Blikra"]
[Result "1-0"]
[WhiteElo "2096"]
[BlackElo "2090"]
[PlyCount "87"]
[EventDate "2005.??.??"]

1. d4 d5 2. c4 Nc6 3. Nc3 dxc4 4. e3 e5 5. d5 Nce7 6. Bxc4 a6 7. a4 Nf6 8. Qb3
Nf5 9. Bd3 Nd6 10. e4 Be7 11. Nge2 O-O 12. O-O Nd7 13. Be3 Bg5 14. Nd1 Bxe3 15.
Nxe3 Qh4 16. Qc2 f5 17. Nxf5 Rxf5 18. exf5 e4 19. Bc4 Ne5 20. Ng3 Ndxc4 21.
Rfe1 e3 22. fxe3 Ng4 23. Nf1 Nce5 24. e4 Qe7 25. h3 Nf6 26. Rac1 Bd7 27. Nd2 c6
28. Qb3 cxd5 29. Qxb7 Qd8 30. Qb3 Rb8 31. Qg3 Rxb2 32. Qxe5 Rxd2 33. Rb1 Qa5
34. Rb8+ Kf7 35. Qd6 Be8 36. Qe6+ Kf8 37. exd5 Qxa4 38. Qe7+ Kg8 39. Qe6+ Kf8
40. Qe7+ Kg8 41. Rb7 Bd7 42. Rb4 Qc2 43. Rb8+ Bc8 44. Qd8+ 1-0

[Event "Hastings Masters"]
[Site "England"]
[Date "2006.01.06"]
[Round "10"]
[White "Strand, Håkon"]
[Black "McGowan, Daniel"]
[Result "1/2-1/2"]
[WhiteElo "1986"]
[BlackElo "2122"]
[PlyCount "29"]
[EventDate "2005.??.??"]

1. e4 e6 2. d4 d5 3. e5 c5 4. c3 Nc6 5. Nf3 Qb6 6. a3 a5 7. Bd3 Bd7 8. Bc2 cxd4
9. cxd4 Nh6 10. Nc3 Be7 11. O-O O-O-O 12. Na4 Qa7 13. Nc3 Qb6 14. Na4 Qa7 15.
Nc3 1/2-1/2